| 000 | nam a22 7a 4500 | ||
|---|---|---|---|
| 999 |
_c331109 _d331109 |
||
| 003 | NUST | ||
| 005 | 20170913114541.0 | ||
| 008 | 170913b xxu||||| |||| 00| 0 eng d | ||
| 040 | _cNUST | ||
| 082 |
_a954.9144 _bSHE |
||
| 100 |
_aAsad Salim Sheikh _94564 |
||
| 245 |
_aWaseeb: _bZila hafiz abad kay dehatoon, qasboon aur shehroon ki tareekh o tehzib / _cby Asad Salim Sheikh |
||
| 260 |
_aLahore: _bIzhar sons, |
||
| 300 | _a592 p. | ||
| 504 | _aInclude references | ||
| 546 | _aIn Urdu | ||
| 650 |
_aHistory- District Hafiz Abad- Pakistan _94565 |
||
| 880 |
_6100-01\(3\r _aاسد سلیم شیخ |
||
| 880 |
_6245-02\(3\r _aوسیب: _bضلع حافظ آباد کے دیہاتوں، قصبوں اور شہروں کی تاریخ و تہزیب _cاسد سلیم شیخ |
||
| 880 |
_6260-03\(3\r _aلاہور: _bاظہار سنز، |
||
| 942 |
_2ddc _cBK |
||